|
|
|
|
| LEADER |
00000cam a2200000 7i4500 |
| 001 |
0000002982 |
| 005 |
20040330.0 |
| 090 |
0 |
0 |
|a RP 634.956
|b TAN 1976
|
| 100 |
1 |
0 |
|a TANG
|h Hon Tat
|
| 245 |
1 |
0 |
|a Report on the survival and development survey of areas reforested by line-planting in Selangor
|c by Tang Hon Tat abd Harold Wadley
|
| 260 |
0 |
0 |
|a Kuala Lumpur :
|b Forestry Department Peninsular Malaysia ,
|c 1976
|
| 300 |
|
|
|a 30 p.. 49 tables, folded charts ;
|c 30 cm.
|
| 440 |
0 |
0 |
|a Research pamphlet ; no. 67
|
| 650 |
0 |
0 |
|a Reforestation
|z Selangor
|
| 700 |
0 |
1 |
|a Wadley
|h Harold
|
| 710 |
1 |
1 |
|a Institut Penyelidikan Perhutanan Malaysia (FRIM)
|
| 998 |
|
|
|a JPSM
|
| 999 |
|
|
|a 0000005285
|b Monograph
|c Open Shelf
|e Default branch
|
| 999 |
|
|
|a 0000005286
|b Monograph
|c Open Shelf
|e Default branch
|